Statistiques concernant Pays les plus proches de Pakistan - une minute sprint

Cliquez ici pour prendre le quiz!

Statistiques générales

  • Ce quiz a été pris 76 fois
  • Le résultat moyen est 14 sur 20

Statistiques - réponses

kmpays% Correct
0Inde
98%
0Afghanistan
95%
0Iran
95%
0Chine
88%
1184Irak
86%
16Tadjikistan
84%
550Népal
78%
330Ouzbékistan
76%
439Turkménistan
76%
1407Bangladesh
72%
262Kirghizistan
71%
530Kazakhstan
69%
1410Bhoutan
64%
703Arabie Saoudite
62%
342Oman
55%
527Émirats arabes unis
53%
1005Qatar
53%
1206Yémen
47%
1208Koweït
45%
1088Bahreïn
41%

Distribution des résultats

Percentile par nombre de réponses

% des personnes avec chaque résultat

Votre développement - résultats

Vous n’avez pas pris ce quiz